| 000 | 00395nam a22001697a 4500 | ||
|---|---|---|---|
| 003 | NUST | ||
| 020 | _a0-07-070030-3 | ||
| 038 | _aKhadija | ||
| 082 |
_a620.105 _bVEC |
||
| 245 |
_aVector Mechanics for Engineers / _cFerdinand P Beer |
||
| 250 | _a9th ed. | ||
| 260 |
_aNew Dehli: _bTata McGraw-Hill; _c2011. |
||
| 300 | _a1326 p. ; | ||
| 500 | _apaperback. | ||
| 563 | _aPB | ||
| 942 |
_cBK _2ddc |
||
| 999 |
_c32316 _d32316 |
||